[Event "Landesklasse Ost 2025/26"]
[Site "?"]
[Date "2025.09.14"]
[Round "1.1"]
[White "Röder, Bastian"]
[Black "Bunke, Wilfried"]
[Result "1/2-1/2"]
[WhiteElo "1881"]
[BlackElo "1868"]
[WhiteFideId "-1"]
[BlackFideId "-1"]
[PlyCount "94"]
[GameId "542757048535"]
[EventDate "2025.09.14"]
[EventType "team-tourn"]
[EventRounds "9"]
[SourceTitle "Thueringer Schachbund"]
[Source "ThSB"]
[SourceDate "2025.09.14"]
[SourceVersion "1"]
[SourceVersionDate "2025.09.14"]
[SourceQuality "1"]
[WhiteTeam "SC Rochade Zeulenroda"]
[BlackTeam "SV Schott Jena 2"]

{[%evp 0,94,37,37,32,31,31,-22,-3,-18,-23,16,23,27,42,-5,39,29,43,7,7,-1,54,65,89,15,22,15,31,7,0,-29,-31,-64,17,-29,-30,-26,7,-9,0,-10,3,-26,-15,-44,-34,-62,-62,-61,-63,-65,-36,-44,-40,-54,-42,-39,17,18,12,1,0,-7,0,-10,-14,2,0,-31,0,0,0,0,0,0,0,0,0,-19,-13,-4,0,0,0,0,0,0,0,0,0,0,0,0,0,0,0]} 1. e4 e6 {[%emt 0:00:00]} 2. d4 {[%emt 0:00:00]} d5 3. Bd3 dxe4 4. Bxe4 Nf6 5. Bf3 c5 6. Ne2 Nc6 7. Be3 cxd4 8. Nxd4 Nd5 9. Nxc6 bxc6 10. O-O Bd7 11. Re1 Be7 12. c4 Nxe3 13. Rxe3 Qc7 14. Nc3 O-O 15. Rd3 Rad8 16. Qc2 Bc8 17. Rad1 Rxd3 18. Rxd3 Rd8 19. Rxd8+ Bxd8 20. Qe4 Bd7 21. g3 Qd6 22. Qe2 f5 23. Qd1 Qxd1+ 24. Nxd1 Bf6 25. b3 c5 26. Kf1 Kf7 27. Ke2 Bd4 28. Ne3 Bxe3 29. Kxe3 Kf6 30. a3 a5 31. Bg2 g5 32. h4 gxh4 33. gxh4 e5 34. f4 Be8 35. Bf3 e4 36. Bd1 Ke6 37. Kd2 Kd6 38. Kc3 h6 39. h5 Kc6 40. b4 axb4+ 41. axb4 Kb6 42. b5 Bf7 43. Be2 Ka5 44. Kb3 Be6 45. Bd1 Bc8 46. Kc3 Bb7 47. Bc2 Bc8 1/2-1/2

[Event "Landesklasse Ost 2025/26"]
[Site "?"]
[Date "2025.09.14"]
[Round "1.2"]
[White "Seifert, Michael"]
[Black "Urinov, Bekzod"]
[Result "1/2-1/2"]
[WhiteElo "1809"]
[BlackElo "1979"]
[WhiteFideId "-1"]
[BlackFideId "-1"]
[PlyCount "63"]
[GameId "542757048628"]
[EventDate "2025.09.14"]
[EventType "team-tourn"]
[EventRounds "9"]
[SourceTitle "Thueringer Schachbund"]
[Source "ThSB"]
[SourceDate "2025.09.14"]
[SourceVersion "1"]
[SourceVersionDate "2025.09.14"]
[SourceQuality "1"]
[WhiteTeam "SV Schott Jena 2"]
[BlackTeam "SC Rochade Zeulenroda"]

{[%evp 0,63,32,25,18,-21,-1,1,6,6,11,28,16,16,8,23,10,10,10,-1,13,15,9,6,37,28,60,44,30,30,76,60,102,72,72,26,34,26,50,74,83,54,54,55,55,59,48,44,74,48,45,42,50,50,41,41,41,39,41,40,40,42,37,37,37,37]} 1. Nf3 d5 2. g3 Nf6 3. Bg2 e6 4. O-O c5 5. d3 Nc6 6. Nbd2 e5 7. e4 d4 8. Nc4 Bd6 9. a4 Be6 10. Nxd6+ Qxd6 11. Nh4 h6 12. f4 O-O-O 13. fxe5 Nxe5 14. Bf4 g5 15. Bxe5 Qxe5 16. Nf3 Qc7 17. Nxg5 hxg5 18. Rxf6 g4 19. Qd2 Qe5 20. Rh6 Rxh6 21. Qxh6 Rh8 22. Qd2 Qh5 23. Bh1 Qh3 24. Qg2 Qh6 25. Rf1 Qe3+ 26. Qf2 Qxf2+ 27. Rxf2 Kc7 28. Rf4 Kd6 29. Bg2 a5 30. Bf1 Ke5 31. Be2 Rg8 32. Kg2 1/2-1/2

[Event "Landesklasse Ost 2025/26"]
[Site "?"]
[Date "2025.09.14"]
[Round "1.3"]
[White "Prütting, Marcus"]
[Black "Eichhorn, Mathilda"]
[Result "0-1"]
[WhiteElo "1860"]
[BlackElo "1631"]
[WhiteFideId "-1"]
[BlackFideId "-1"]
[PlyCount "84"]
[GameId "542757048629"]
[EventDate "2025.09.14"]
[EventType "team-tourn"]
[EventRounds "9"]
[SourceTitle "Thueringer Schachbund"]
[Source "ThSB"]
[SourceDate "2025.09.14"]
[SourceVersion "1"]
[SourceVersionDate "2025.09.14"]
[SourceQuality "1"]
[WhiteTeam "SC Rochade Zeulenroda"]
[BlackTeam "SV Schott Jena 2"]

{[%evp 0,84,31,25,31,-5,12,12,10,-4,17,17,22,18,44,20,29,8,23,14,14,15,9,-11,-21,-22,-5,-9,0,5,18,-7,-17,-63,-69,-57,-50,-62,-45,-62,-41,-114,-115,-122,-124,-122,-47,-20,0,0,0,0,16,-65,-66,-67,-59,-63,-21,-96,-63,-50,-57,-96,-99,-91,-86,-99,-68,-86,-103,-224,-257,-234,-234,-251,-263,-263,-263,-564,-650,-1066,-1106,-1154,-1130,-1562,-1160]} 1. d4 e6 2. c4 Nf6 3. Nc3 d5 4. Bg5 Nbd7 5. e3 c6 6. Nf3 Be7 7. Qc2 b6 8. Rd1 Bb7 9. Be2 Rc8 10. O-O O-O 11. cxd5 cxd5 12. Qb3 Re8 13. h3 Ne4 14. Bxe7 Rxe7 15. Bd3 Ndf6 16. Ne5 Nxc3 17. bxc3 Rec7 18. Rc1 Ne4 19. Bxe4 dxe4 20. Rfd1 Bd5 21. c4 f6 22. Qa3 fxe5 23. cxd5 Rxc1 24. Rxc1 Rxc1+ 25. Qxc1 exd4 26. exd4 exd5 27. Qc6 h6 28. Qb7 Qg5 29. Qd7 a5 30. Qe6+ Kh7 31. Qxb6 Qc1+ 32. Kh2 Qd2 33. Kg3 Qxa2 34. Qe6 Qb3+ 35. Kh2 Qb8+ 36. g3 Qa8 37. Qe7 a4 38. Qa3 Qa7 39. Qa1 a3 40. h4 a2 41. h5 Qa3 42. Qd1 Qf3 0-1

[Event "Landesklasse Ost 2025/26"]
[Site "?"]
[Date "2025.09.14"]
[Round "1.4"]
[White "Nageler, Laurenz"]
[Black "Fuchs, Antje"]
[Result "0-1"]
[WhiteElo "1600"]
[BlackElo "1929"]
[WhiteFideId "-1"]
[BlackFideId "-1"]
[PlyCount "42"]
[GameId "542757048643"]
[EventDate "2025.09.14"]
[EventType "team-tourn"]
[EventRounds "9"]
[SourceTitle "Thueringer Schachbund"]
[Source "ThSB"]
[SourceDate "2025.09.14"]
[SourceVersion "1"]
[SourceVersionDate "2025.09.14"]
[SourceQuality "1"]
[WhiteTeam "SV Schott Jena 2"]
[BlackTeam "SC Rochade Zeulenroda"]

{[%evp 0,42,32,32,31,31,31,16,7,12,-10,-19,34,-9,57,4,0,-20,36,-9,-9,-34,-34,-32,-40,-149,-86,-174,-161,-416,-409,-580,-625,-696,-719,-739,-640,-745,-779,-886,-860,-908,-908,-893,-796]} 1. e4 e6 2. d4 d5 3. e5 c5 4. c3 Nc6 5. Nf3 Qc7 6. Bf4 f6 7. Bg3 Qb6 8. b3 Bd7 9. a4 cxd4 10. a5 Nxa5 11. Nxd4 Nc6 12. exf6 Nxf6 13. Nb5 Rc8 14. Bd6 Ne4 15. Qf3 Nxd6 16. Nxd6+ Bxd6 17. Bd3 Rf8 18. Qh5+ g6 19. Bxg6+ hxg6 20. Qxg6+ Kd8 21. O-O Kc7 0-1

[Event "Landesklasse Ost 2025/26"]
[Site "?"]
[Date "2025.09.14"]
[Round "1.5"]
[White "Skibbe, Diana"]
[Black "Vater, Rainer"]
[Result "0-1"]
[WhiteElo "1880"]
[BlackElo "1848"]
[WhiteFideId "-1"]
[BlackFideId "-1"]
[PlyCount "132"]
[GameId "542757048644"]
[EventDate "2025.09.14"]
[EventType "team-tourn"]
[EventRounds "9"]
[SourceTitle "Thueringer Schachbund"]
[Source "ThSB"]
[SourceDate "2025.09.14"]
[SourceVersion "1"]
[SourceVersionDate "2025.09.14"]
[SourceQuality "1"]
[WhiteTeam "SC Rochade Zeulenroda"]
[BlackTeam "SV Schott Jena 2"]

{[%evp 0,132,31,31,37,41,66,51,55,50,52,44,56,50,87,38,103,82,96,101,92,77,73,16,41,26,57,56,155,97,86,86,82,69,78,63,65,61,44,47,40,22,45,27,19,-25,23,-26,-55,-58,-10,-20,-11,-13,1,17,-4,5,5,0,13,-14,11,-27,0,0,-42,-96,-89,-101,-65,-103,-58,-48,-62,-52,-52,-47,-52,-47,-37,-72,-27,-33,-47,-78,-31,-45,-11,-43,-47,-41,-19,-107,-87,-112,-111,-116,-132,-137,-137,-340,-336,-341,-345,-335,-344,-342,-339,-339,-350,-356,-356,-372,-345,-408,-357,-357,-284,-300,-361,-360,-368,-384,-449,-449,-471,-471,-471,-471,-525,-729,-1157,-29993,-29994]} 1. e4 d5 2. exd5 Qxd5 3. Nc3 Qd6 4. d4 Nf6 5. Bc4 a6 6. Nge2 b5 7. Bf4 Qb6 8. Nd5 Nxd5 9. Bxd5 Bb7 10. Nc3 e6 11. Bf3 Bd6 12. Be3 Bxf3 13. Qxf3 c6 14. Ne4 Qc7 15. Qg4 Kf8 16. O-O-O Nd7 17. Qf3 h6 18. h4 Nb6 19. h5 Nd5 20. g4 Be7 21. Qe2 a5 22. f4 Nxf4 23. Qh2 Nd5 24. Qf2 Nxe3 25. Qxe3 Qd8 26. Qf3 Bg5+ 27. Kb1 Qd5 28. Rhf1 f6 29. Qe2 Kf7 30. Qd3 Rhf8 31. Rde1 Kg8 32. Nc3 Qd7 33. Qe4 Rae8 34. Rd1 Re7 35. Qe2 Rfe8 36. Ne4 Qd5 37. Nc3 Qd7 38. Ne4 Qd5 39. Nc3 Qd8 40. Ne4 Qc7 41. Qf3 Qd7 42. Qe2 Qc7 43. Qf3 Rd8 44. c3 Qd7 45. Nxg5 fxg5 46. Qd3 e5 47. Rf5 exd4 48. cxd4 Qe6 49. d5 Qe4 50. d6 Rxd6 51. Qxe4 Rxd1+ 52. Kc2 Rxe4 53. Kxd1 Rxg4 54. b3 Rh4 55. Rc5 Rxh5 56. Rxc6 g4 57. Ra6 g3 58. Ke2 b4 59. Kf3 Rg5 60. Kg2 h5 61. Ra8+ Kh7 62. Rd8 h4 63. Rd1 Kh6 64. Re1 Kh5 65. Rd1 Rf5 66. Kh3 Rf2 0-1

[Event "Landesklasse Ost 2025/26"]
[Site "?"]
[Date "2025.09.14"]
[Round "1.7"]
[White "Barth, Christian"]
[Black "Schulz, Uwe"]
[Result "1-0"]
[WhiteElo "1708"]
[BlackElo "1679"]
[WhiteFideId "-1"]
[BlackFideId "-1"]
[PlyCount "49"]
[GameId "542757048646"]
[EventDate "2025.09.14"]
[EventType "team-tourn"]
[EventRounds "9"]
[SourceTitle "Thueringer Schachbund"]
[Source "ThSB"]
[SourceDate "2025.09.14"]
[SourceVersion "1"]
[SourceVersionDate "2025.09.14"]
[SourceQuality "1"]
[WhiteTeam "SC Rochade Zeulenroda"]
[BlackTeam "SV Schott Jena 2"]

1. e4 c5 2. Nf3 Nc6 3. d4 cxd4 4. Nxd4 g6 5. c4 Bg7 6. Be3 Nf6 7. f3 O-O 8. Nc3 d6 9. Qd2 Bd7 10. Be2 Rc8 11. O-O Ne5 12. b3 a6 13. Rac1 Bc6 14. Rfd1 Kh8 15. b4 b6 16. Nxc6 Rxc6 17. Na4 Qb8 18. b5 axb5 19. cxb5 Rxc1 20. Rxc1 Ned7 21. Rc6 Qa7 22. Nxb6 Rb8 23. Rc8+ Rxc8 24. Nxc8 Qb7 25. Nxe7 1-0

[Event "Landesklasse Ost 2025/26"]
[Site "?"]
[Date "2025.09.14"]
[Round "1.8"]
[White "Gäbler, Norman"]
[Black "Werner, Daniel"]
[Result "1/2-1/2"]
[WhiteElo "1496"]
[BlackElo "1701"]
[WhiteFideId "-1"]
[BlackFideId "-1"]
[PlyCount "178"]
[GameId "542757048647"]
[EventDate "2025.09.14"]
[EventType "team-tourn"]
[EventRounds "9"]
[SourceTitle "Thueringer Schachbund"]
[Source "ThSB"]
[SourceDate "2025.09.14"]
[SourceVersion "1"]
[SourceVersionDate "2025.09.14"]
[SourceQuality "1"]
[WhiteTeam "SV Schott Jena 2"]
[BlackTeam "SC Rochade Zeulenroda"]

{[%evp 0,178,31,31,11,17,14,19,11,-4,9,7,-5,11,11,12,15,-32,38,35,84,74,72,74,68,76,76,56,70,70,118,90,90,74,78,38,62,33,73,89,92,82,96,100,102,48,61,69,83,52,61,47,50,-51,-51,-44,-32,-38,1,-49,-22,-43,-77,-75,-83,-83,-76,-116,-53,-60,-30,-32,-17,-9,-11,-20,11,0,0,0,16,77,101,107,122,125,120,117,124,122,130,128,122,116,119,118,126,105,95,95,97,104,128,122,89,91,129,123,116,91,116,91,122,122,119,119,108,113,108,117,138,132,134,131,131,131,131,131,131,131,131,131,131,126,273,300,303,313,319,318,472,264,285,347,381,490,564,600,677,721,721,770,788,805,805,363,811,363,441,434,458,297,334,334,371,311,349,350,725,735,735,735,735,0,0,0,0,0,0,0,0]} 1. e4 e5 2. Nf3 Nc6 3. Bc4 Bc5 4. c3 Nf6 5. d3 Be7 6. O-O O-O 7. Nbd2 d6 8. d4 Bg4 9. d5 Na5 10. Be2 b6 11. b4 Nb7 12. Ba6 Rb8 13. Re1 Qe8 14. a4 c5 15. Nf1 Qd7 16. Bb5 Qc7 17. Qd3 Bd7 18. Ne3 Rfc8 19. Bxd7 Qxd7 20. Nf5 Bf8 21. Bg5 Ne8 22. h4 f6 23. Bd2 Nd8 24. Nh2 g6 25. Qg3 Kh8 26. Nh6 Bxh6 27. Bxh6 Nf7 28. Bd2 Ng7 29. f4 Nh5 30. Qf3 exf4 31. Bxf4 Ne5 32. Bxe5 fxe5 33. Qe3 Rf8 34. b5 Rf4 35. g3 Rf7 36. Rf1 Rbf8 37. Kg2 Rxf1 38. Rxf1 Rxf1 39. Nxf1 Qg4 40. Qf3 Nf4+ 41. Kf2 Qxf3+ 42. Kxf3 Nh5 43. Ne3 Nf6 44. Nc4 Ne8 45. a5 bxa5 46. Nxa5 Nc7 47. c4 Kg7 48. Nc6 Na8 49. Nxa7 Nb6 50. Ke2 Kf6 51. g4 h6 52. Kd3 Ke7 53. Nc6+ Kd7 54. Kc3 Ke8 55. Na5 Kd7 56. Nb3 Kc7 57. Nc1 Nd7 58. Nd3 Nf6 59. Nf2 g5 60. hxg5 hxg5 61. Kd3 Kb6 62. Kc3 Ka5 63. Kb3 Kb6 64. Ka4 Kb7 65. Ka5 Ka7 66. b6+ Kb7 67. Kb5 Nd7 68. Nh3 Nxb6 69. Nxg5 Nd7 70. Nf7 Kc7 71. g5 Nf8 72. Nh8 Nh7 73. g6 Nf6 74. g7 Ng8 75. Nf7 Kd7 76. Kb6 Ke7 77. Ng5 Kd7 78. Ne6 Nf6 79. Nf8+ Ke7 80. Kc6 Kf7 81. Kxd6 Nxe4+ 82. Kxe5 Nd2 83. Kd6 Nxc4+ 84. Kxc5 Ne5 85. Kd6 Nc4+ 86. Kc7 Kxg7 87. Ne6+ Kf7 88. Ng5+ Kf6 89. Ne4+ Ke5 1/2-1/2

[Event "Landesklasse Ost 2025/26"]
[Site "?"]
[Date "2025.09.14"]
[Round "1.1"]
[White "Schulz, Phillip"]
[Black "Liebold, Aaron"]
[Result "1/2-1/2"]
[WhiteElo "1968"]
[BlackElo "2115"]
[WhiteFideId "-1"]
[BlackFideId "-1"]
[PlyCount "98"]
[GameId "542731413854"]
[EventDate "2025.09.14"]
[EventType "team-tourn"]
[EventRounds "9"]
[SourceTitle "Thueringer Schachbund"]
[Source "ThSB"]
[SourceDate "2025.09.14"]
[SourceVersion "1"]
[SourceVersionDate "2025.09.14"]
[SourceQuality "1"]
[WhiteTeam "TV 1887 Germania Hermsdorf"]
[BlackTeam "ESV Gera"]

{[%evp 0,98,37,17,17,-15,-15,-8,-5,-26,5,5,-6,1,12,-2,27,13,20,26,23,37,55,55,56,49,66,55,59,58,58,57,71,49,69,65,70,61,51,42,40,52,61,44,45,55,49,37,29,38,38,40,40,45,23,17,36,-10,-5,20,17,14,114,112,94,94,95,81,101,75,108,101,102,78,83,75,74,75,75,72,72,71,72,72,84,91,84,0,0,0,0,0,0,-9,-5,0,0,0,0,0,0]} 1. d4 Nf6 2. c4 e6 3. Nf3 d5 4. g3 Be7 5. Bg2 O-O 6. O-O Nbd7 7. b3 c6 8. Bb2 a5 9. Nc3 b6 10. Nd2 Ba6 11. e4 dxe4 12. Ndxe4 Rc8 13. Re1 Nxe4 14. Nxe4 Nf6 15. Qc2 Nxe4 16. Bxe4 h6 17. Rad1 Bf6 18. h4 Qc7 19. Bc1 Rfd8 20. Bf4 Qa7 21. Be5 Bxe5 22. dxe5 Qc7 23. Qe2 c5 24. Rxd8+ Rxd8 25. Rd1 Rd4 26. Rxd4 cxd4 27. f4 Qc5 28. Kg2 b5 29. cxb5 Bxb5 30. Qc2 Qf8 31. a4 d3 32. Bxd3 Bxd3 33. Qxd3 Qa8+ 34. Kh2 Qc8 35. Qd2 Qc5 36. Kg2 g6 37. Qd8+ Kg7 38. Qf6+ Kg8 39. Qd8+ Kg7 40. Qd3 Qc1 41. Kf2 g5 42. hxg5 hxg5 43. Qe3 Qc2+ 44. Ke1 gxf4 45. gxf4 Kg6 46. Qb6 Qc3+ 47. Ke2 Kf5 48. Qe3 Qc2+ 49. Kf3 Qd1+ 1/2-1/2

[Event "Landesklasse Ost 2025/26"]
[Site "?"]
[Date "2025.09.14"]
[Round "1.3"]
[White "Moje, Hans-Jürgen"]
[Black "Puschendorf, Steffen"]
[Result "1/2-1/2"]
[WhiteElo "1806"]
[BlackElo "2029"]
[WhiteFideId "-1"]
[BlackFideId "-1"]
[PlyCount "120"]
[GameId "542731413856"]
[EventDate "2025.09.14"]
[EventType "team-tourn"]
[EventRounds "9"]
[SourceTitle "Thueringer Schachbund"]
[Source "ThSB"]
[SourceDate "2025.09.14"]
[SourceVersion "1"]
[SourceVersionDate "2025.09.14"]
[SourceQuality "1"]
[WhiteTeam "TV 1887 Germania Hermsdorf"]
[BlackTeam "ESV Gera"]

{[%evp 0,120,50,50,31,37,32,41,41,30,77,72,106,40,146,107,98,83,79,87,82,50,61,-31,40,13,2,3,7,1,2,-5,12,12,43,26,26,16,0,9,15,11,5,0,16,27,21,3,3,0,22,0,0,7,24,3,16,12,19,37,35,28,37,-29,42,37,21,23,15,2,15,0,6,-21,-34,-19,-25,-30,-24,-24,-34,-55,-3,-74,-52,-60,-54,-64,-81,-81,-104,-110,-148,-373,-9,-9,0,-30,-26,-36,-47,-39,-45,-45,-45,-52,-52,-98,-127,-117,-123,-107,0,0,0,0,0,0,0,0,65,70,72]} 1. e4 e6 2. d4 d5 3. Nc3 Bb4 4. e5 Qd7 5. Bd2 b6 6. a3 Bf8 7. Nf3 Ne7 8. Bd3 Ba6 9. Bxa6 Nxa6 10. Bg5 h6 11. Qd3 Nb8 12. Bxe7 Bxe7 13. O-O O-O 14. Ne2 c5 15. c4 dxc4 16. Qxc4 cxd4 17. Qxd4 Qb7 18. Qg4 Nd7 19. Ng3 Rfd8 20. Nh5 g6 21. Nf4 Qe4 22. Rfe1 Qf5 23. Qxf5 gxf5 24. Rac1 Rac8 25. g3 Nc5 26. Red1 a5 27. Kf1 a4 28. h4 Kf8 29. Ke2 Ke8 30. Rxd8+ Rxd8 31. Nd2 b5 32. Rc2 Rd4 33. Ke3 Rd7 34. Ke2 Kd8 35. Rc3 Kc7 36. b4 axb3 37. Nxb3 Kb6 38. Nxc5 Bxc5 39. Nd3 Be7 40. Nb4 Ra7 41. f4 Bxb4 42. axb4 Ra2+ 43. Kf3 Rb2 44. Rc8 Rxb4 45. Rh8 Rc4 46. Rxh6 b4 47. Rh8 Kc7 48. Ra8 b3 49. Ra1 Rc3+ 50. Kg2 Rc2+ 51. Kh3 b2 52. Rb1 Kd8 53. h5 Ke8 54. h6 Kf8 55. Kh4 Rh2+ 56. Kg5 Kg8 57. Rd1 Rh3 58. Rd8+ Kh7 59. Rb8 Rxg3+ 60. Kf6 Rg4 1/2-1/2

[Event "Landesklasse Ost 2025/26"]
[Site "?"]
[Date "2025.09.14"]
[Round "1.4"]
[White "Hanmuradov, Ülwi"]
[Black "Hadlich, Gerald"]
[Result "0-1"]
[WhiteElo "1835"]
[BlackElo "1765"]
[WhiteFideId "-1"]
[BlackFideId "-1"]
[PlyCount "142"]
[GameId "542731413857"]
[EventDate "2025.09.14"]
[EventType "team-tourn"]
[EventRounds "9"]
[SourceTitle "Thueringer Schachbund"]
[Source "ThSB"]
[SourceDate "2025.09.14"]
[SourceVersion "1"]
[SourceVersionDate "2025.09.14"]
[SourceQuality "1"]
[WhiteTeam "ESV Gera"]
[BlackTeam "TV 1887 Germania Hermsdorf"]

{[%evp 0,142,50,17,64,63,72,69,72,24,44,-6,-12,-12,-12,-20,35,10,74,58,58,40,40,43,67,28,5,-46,20,0,18,5,3,-34,-35,-67,-81,-66,-83,-45,8,-1,23,-9,-14,-20,-11,-52,-35,-62,-54,-83,-58,-68,-26,-37,-37,-34,-32,-35,-33,-42,-39,-41,-36,-43,-43,-49,-53,-88,-62,-92,-97,-103,-107,-97,-97,-89,-51,-42,-4,-15,-34,-29,-35,-41,-46,-52,-53,-68,-65,-75,-70,-130,-142,-144,-147,-157,-55,-68,-64,-72,-74,-75,-94,-95,-93,-114,-130,-143,-131,-150,-166,-217,-149,-209,-69,-118,-152,-194,-195,-228,-194,-194,-206,-206,-194,-219,-454,-329,-485,-485,-485,-485,-485,-495,-497,-505,-505,-537,-527,-537,-537,-547,-557]} 1. d4 f5 2. g3 Nf6 3. Bg2 g6 4. Nd2 Bg7 5. e4 fxe4 6. Nxe4 Nxe4 7. Bxe4 d6 8. Be3 e5 9. dxe5 Bxe5 10. c3 Bg7 11. Ne2 c6 12. Qd2 O-O 13. O-O-O Qa5 14. Kb1 d5 15. Bc2 Nd7 16. f4 Nb6 17. Bb3 Bf5+ 18. Ka1 Bg4 19. h3 Bxe2 20. Qxe2 Rae8 21. Qd2 Qb5 22. Rhe1 a5 23. Qd3 Qxd3 24. Rxd3 a4 25. Bc2 a3 26. Bb3 axb2+ 27. Kxb2 Nc4+ 28. Bxc4 dxc4 29. Rdd1 b5 30. Bc5 Rxe1 31. Rxe1 Rd8 32. Kc2 Bf8 33. Bf2 Kf7 34. Re5 Bg7 35. Re3 Ra8 36. Kb1 Ra3 37. Kb2 b4 38. Be1 Ra4 39. Re4 bxc3+ 40. Bxc3 Bxc3+ 41. Kxc3 Rxa2 42. Kb4 c3 43. Rc4 Rh2 44. Rxc3 Rxh3 45. Kc5 h5 46. Rb3 Kf6 47. Rd3 Kf5 48. Kxc6 Ke4 49. Ra3 Kf5 50. Ra5+ Kf6 51. Rg5 h4 52. gxh4 Rxh4 53. Kd5 Rxf4 54. Rg1 Kf5 55. Ra1 g5 56. Ra8 Kg4 57. Ke5 Rf3 58. Ke4 Kg3 59. Rg8 g4 60. Rg7 Rf1 61. Ke3 Re1+ 62. Kd2 Re8 63. Rg6 Kh3 64. Rh6+ Kg2 65. Rg6 g3 66. Rg7 Kh2 67. Rh7+ Kg1 68. Rg7 g2 69. Rg6 Re5 70. Rg7 Kf2 71. Rf7+ Kg3 0-1

[Event "Landesklasse Ost 2025/26"]
[Site "?"]
[Date "2025.09.14"]
[Round "1.5"]
[White "Pietsch, Karsten"]
[Black "Hilbig, Dieter"]
[Result "1-0"]
[WhiteElo "1706"]
[BlackElo "1790"]
[WhiteFideId "-1"]
[BlackFideId "-1"]
[PlyCount "57"]
[GameId "542731413858"]
[EventDate "2025.09.14"]
[EventType "team-tourn"]
[EventRounds "9"]
[SourceTitle "Thueringer Schachbund"]
[Source "ThSB"]
[SourceDate "2025.09.14"]
[SourceVersion "1"]
[SourceVersionDate "2025.09.14"]
[SourceQuality "1"]
[WhiteTeam "TV 1887 Germania Hermsdorf"]
[BlackTeam "ESV Gera"]

{[%evp 0,57,37,17,25,-5,-5,-3,-5,-10,17,16,18,16,55,27,36,46,43,44,67,59,104,98,95,109,91,98,151,182,177,109,129,105,165,117,110,85,206,223,225,49,111,77,108,87,105,191,391,183,407,407,1559,169,222,559,616,635,29997,29998]} 1. d4 d5 2. c4 e6 3. Nc3 Nf6 4. Bg5 Be7 5. e3 O-O 6. Nf3 Nbd7 7. Rc1 c6 8. Bd3 dxc4 9. Bxc4 b5 10. Bd3 Nd5 11. Bxe7 Nxe7 12. O-O Bb7 13. Ne4 Nb6 14. Nc5 Rb8 15. Ng5 g6 16. f4 Ba8 17. Rf3 Nd7 18. Nxd7 Qxd7 19. Rh3 h5 20. Rc5 Nf5 21. Bb1 Kg7 22. g4 hxg4 23. Rh7+ Kf6 24. Kf2 Nd6 25. Qxg4 Rh8 26. Qh4 Rxh7 27. Nxh7+ Kg7 28. Qf6+ Kxh7 29. Rh5+ 1-0

[Event "Landesklasse Ost 2025/26"]
[Site "?"]
[Date "2025.09.14"]
[Round "1.6"]
[White "Kupper, Matthias"]
[Black "Hädrich, Dirk"]
[Result "1/2-1/2"]
[WhiteElo "1729"]
[BlackElo "1784"]
[WhiteFideId "-1"]
[BlackFideId "-1"]
[PlyCount "73"]
[GameId "542731413859"]
[EventDate "2025.09.14"]
[EventType "team-tourn"]
[EventRounds "9"]
[SourceTitle "Thueringer Schachbund"]
[Source "ThSB"]
[SourceDate "2025.09.14"]
[SourceVersion "1"]
[SourceVersionDate "2025.09.14"]
[SourceQuality "1"]
[WhiteTeam "ESV Gera"]
[BlackTeam "TV 1887 Germania Hermsdorf"]

{[%evp 0,73,37,37,37,32,30,31,25,-2,33,24,34,25,34,38,31,31,31,49,49,22,14,5,10,17,15,-8,4,-11,-11,-30,-18,-41,-25,-27,-27,-43,-35,-30,-30,-29,-25,-23,0,-14,29,25,25,28,29,32,32,1,0,-6,3,0,2,1,16,-2,-3,0,-9,-22,-23,-42,-36,-26,-15,-22,1,-1,2,3]} 1. e4 e6 2. d4 d5 3. Nd2 c5 4. exd5 exd5 5. Bb5+ Nc6 6. Qe2+ Qe7 7. dxc5 Qxe2+ 8. Nxe2 Bxc5 9. Nb3 Bb6 10. Bf4 Nge7 11. O-O O-O 12. c3 Bf5 13. Rac1 a6 14. Bxc6 Nxc6 15. Rfd1 Rad8 16. Nbd4 Nxd4 17. Nxd4 Bg6 18. Kf1 Rfe8 19. f3 f6 20. Rd2 Rd7 21. Rcd1 Bf7 22. Bg3 Bxd4 23. Rxd4 Rde7 24. Re1 Rxe1+ 25. Bxe1 Rc8 26. b3 Kf8 27. Ke2 Ke7 28. Kd3 Bg6+ 29. Ke3 Ke6 30. Rb4 b5 31. a4 Be8 32. a5 Bg6 33. Rd4 Bc2 34. Rb4 Rc6 35. Kd2 Bb1 36. Rd4 g5 37. h4 1/2-1/2

[Event "Landesklasse Ost 2025/26"]
[Site "?"]
[Date "2025.09.14"]
[Round "1.7"]
[White "Günther, Dominik"]
[Black "Zenner, Constantin"]
[Result "1/2-1/2"]
[WhiteElo "1434"]
[BlackElo "1251"]
[WhiteFideId "-1"]
[BlackFideId "-1"]
[PlyCount "29"]
[GameId "542731413860"]
[EventDate "2025.09.14"]
[EventType "team-tourn"]
[EventRounds "9"]
[SourceTitle "Thueringer Schachbund"]
[Source "ThSB"]
[SourceDate "2025.09.14"]
[SourceVersion "1"]
[SourceVersionDate "2025.09.14"]
[SourceQuality "1"]
[WhiteTeam "TV 1887 Germania Hermsdorf"]
[BlackTeam "ESV Gera"]

{[%evp 0,29,37,25,71,29,9,17,43,21,29,16,29,30,56,35,42,23,23,26,43,13,55,38,51,19,54,43,67,50,60,6]} 1. d4 b6 2. c4 Bb7 3. Nc3 e6 4. e4 Bb4 5. Qc2 Nf6 6. Bd3 Bxc3+ 7. bxc3 d6 8. Nf3 h6 9. O-O c5 10. d5 e5 11. a4 Nbd7 12. h3 Nf8 13. Re1 Ng6 14. Bd2 O-O 15. Rab1 1/2-1/2

[Event "Thüringenliga 2025/26"]
[Site "?"]
[Date "2025.10.26"]
[Round "2.1"]
[White "Meitzner, Jonathan Franz"]
[Black "Franke, Luca"]
[Result "0-1"]
[WhiteElo "1872"]
[BlackElo "2061"]
[WhiteFideId "-1"]
[BlackFideId "-1"]
[PlyCount "65"]
[GameId "546720911243"]
[EventDate "2025.09.14"]
[EventType "team-tourn"]
[EventRounds "9"]
[SourceTitle "Thueringer Schachbund"]
[Source "ThSB"]
[SourceDate "2025.09.14"]
[SourceVersion "1"]
[SourceVersionDate "2025.09.14"]
[SourceQuality "1"]
[WhiteTeam "SC Rochade Leinefelde"]
[BlackTeam "SV 1861 Liebschwitz"]

1. e4 e6 2. d4 d5 3. Nd2 dxe4 4. Nxe4 Nd7 5. Nf3 Ngf6 6. Bd3 c5 7. Nxc5 Nxc5 8. dxc5 Bxc5 9. O-O Qc7 10. Qe2 h6 11. Be3 O-O 12. Qd2 Bxe3 13. Qxe3 b6 14. Rad1 Bb7 15. h3 Qc6 16. Rfe1 Rfd8 17. c3 Rd5 18. Bf1 Rad8 19. Nd4 Qc8 20. f4 a6 21. Bd3 b5 22. Bc2 Qc5 23. Kh1 Kh8 24. Bb3 R5d7 25. Kh2 a5 26. Bc2 b4 27. g4 bxc3 28. bxc3 Rc8 29. g5 hxg5 30. fxg5 Qc7+ 31. Kg1 Nh5 32. Qd3 g6 33. Re2 0-1